000
00207nam a2200085Ia 4500
008
170620s9999 xx 000 0 und d
100
_a
JAIN- RATANLAL
245
0
_a
LEGAL LANGUAGE
260
_b
CENTRAL LAW AGENCY ALLAHABAD
260
_c
2014
999
_c
30341
_d
30341